[Event "Rapid Match"]
[Site "Mainz GER"]
[Date "2003.08.16"]
[Round "5"]
[White "Polgar, Ju"]
[Black "Anand, V."]
[Result "1-0"]
[WhiteElo "2718"]
[BlackElo "2774"]
[Annotator "Kateryna Lahno"]
[PlyCount "53"]
[EventDate "2003.08.14"]

1. e4 c5 2. Nf3 d6 3. d4 cxd4 4. Nxd4 Nf6 5. Nc3 a6 6. Be3 e6 7. f3 b5 8. g4
Nfd7 9. Qd2 Nb6 10. O-O-O N8d7 11. Bd3 Bb7 12. Kb1 Rc8 13. Bg5 $146 Qc7 14.
Rhe1 Ne5 15. f4 Nec4 (15... Nbc4 16. Bxc4 (16. Qc1 Nxd3 17. cxd3 h6 18. Bh4 (
18. dxc4 hxg5 19. cxb5 gxf4) 18... Na3+ 19. Ka1 Qb6 20. Bf2 b4 {
and Black is better}) 16... Nxc4 17. Qd3 Na3+ 18. Ka1 $2 b4 {
is better for Black}) 16. Qc1 h6 17. Nd5 Qc5 $2 (17... Nxd5 18. exd5 Bxd5 {
Why not this, Vishy??} (18... hxg5 $2 19. dxe6 gxf4 (19... Be7 20. exf7+ Kxf7
21. Bf5 {with attack}) (19... d5 20. exf7+ Kxf7 21. Ne6 {with attack}) 20.
exf7+ Kxf7 21. Qxf4+ Kg8 22. Bf5 {with attack})) 18. Nb3 Qf2 (18... Qc6 $5) 19.
Rf1 Qg2 (19... Qxh2 20. Nxb6 Nxb6 21. Qe3 Nc4 22. Qa7 {with initiative}) 20.
Nxb6 Nxb6 21. Qe3 Nc4 22. Qa7 Bxe4 23. Qxa6 Rb8 (23... Bb7 24. Qxb5+ Bc6 25.
Qxc4 Bd7 26. Qd4 hxg5 27. fxg5 {+/-}) 24. Rg1 hxg5 (24... Bb7 25. Qxb5+ Qc6 26.
Qxc6+ Bxc6 27. Bh4 {+/-}) 25. Rxg2 Bxg2 26. Bxc4 bxc4 27. Qa4+ {Black resigned}
1-0